Detalles MARC
| 000 -CABECERA |
| campo de control de longitud fija |
03136nam a2200289 i 4500 |
| 001 - NÚMERO DE CONTROL |
| campo de control |
000029316 |
| 003 - IDENTIFICADOR DEL NÚMERO DE CONTROL |
| campo de control |
DO-SdBNP |
| 005 - FECHA Y HORA DE LA ÚLTIMA TRANSACCIÓN |
| campo de control |
20240416103743.0 |
| 007 - CAMPO FIJO DE DESCRIPCIÓN FÍSICA--INFORMACIÓN GENERAL |
| campo de control de longitud fija |
ta |
| 008 - DATOS DE LONGITUD FIJA--INFORMACIÓN GENERAL |
| campo de control de longitud fija |
240416s2000 dr 000 0 spa d |
| 040 ## - FUENTE DE LA CATALOGACIÓN |
| Centro catalogador/agencia de origen |
DO-SdBNP |
| Lengua de catalogación |
spa |
| Centro/agencia transcriptor |
BNPHU |
| Normas de descripción |
rda |
| 082 #4 - NÚMERO DE LA CLASIFICACIÓN DECIMAL DEWEY |
| Número de documento/Ítem |
S471me |
| Número de edición |
22 |
| Número de clasificación |
305.4 |
| 110 ## - ENTRADA PRINCIPAL--NOMBRE DE ENTIDAD CORPORATIVA |
| 9 (RLIN) |
56201 |
| 111 ## - ENTRADA PRINCIPAL--NOMBRE DE CONGRESO/REUNIÓN |
| Nombre de congreso/reunión o jurisdicción como elemento de entrada |
Seminario Latinoamericano de Oficinas de la Mujer |
| Sede del congreso/Lugar de la reunión |
Santo Domingo |
| Fecha del congreso/reunión |
(6-8 abr., 1999) |
| 9 (RLIN) |
85253 |
| 245 03 - MENCIÓN DE TÍTULO |
| Título |
Memorias |
| 264 ## - PRODUCCIÓN, PUBLICACIÓN, DISTRIBUCIÓN, FABRICACIÓN Y COPYRIGHT |
| Producción, publicación, distribución, fabricación y copyright |
Santo Domingo : |
| Nombre del de productor, editor, distribuidor, fabricante |
Secretaria de estado de la Mujer, |
| Fecha de producción, publicación, distribución, fabricación o copyright |
2000. |
| 300 ## - DESCRIPCIÓN FÍSICA |
| Extensión |
164 páginas : |
| Otras características físicas |
ilustraciones ; |
| Dimensiones |
24 cm. |
| 336 ## - TIPO DE CONTENIDO |
| Fuente |
rdacontent |
| Término de tipo de contenido |
texto |
| Código de tipo de contenido |
txt |
| 337 ## - TIPO DE MEDIO |
| Fuente |
rdamedia |
| Nombre/término del tipo de medio |
sin mediación |
| Código del tipo de medio |
nc |
| 338 ## - TIPO DE SOPORTE |
| Fuente |
rdacarrier |
| Nombre/término del tipo de soporte |
volumen |
| Código del tipo de soporte |
n |
| 505 ## - NOTA DE CONTENIDO CON FORMATO |
| Nota de contenido con formato |
Papel y funciones de las Oficinas de la Mujer en el contexto de la modernización y reforma del Estado / Elvira Caro 13|Institucionalización del enfoque de equidad de género en las políticas públicas, condicionantes y potencialidades desde el Estado / Sonia Montaño Virreira 33|Institucionalización de políticas públicas para la equidad de género en América Latina y el Caribe / Belkys Mones 41|Institucionalización del enfoque de equidad de género en las políticas económicas y sociales: la experiencia de Chile / Natacha Molina García 51|Institucionalización del enfoque de equidad de género en las políticas económicas y sociales: la experiencia de Colombia / Gladys Cifuentes Aranzázu 61|Institucionalización del enfoque de equidad de género en las políticas económicas y sociales: la experiencia de Nicaragua / Rosa Argentina López Prado 67|Institucionalización del enfoque de equidad de género en las políticas económicas y sociales: la experiencia de Paraguay / Heydée Carmagnola 73|Institucionalización del enfoque de equidad de género en las políticas económicas y sociales: la experiencia de Argentina / Teresa González de Solac 79|Institucionalización del enfoque de género en las políticas económicas y sociales: la experiencia de Panamá / Urania Ungo 83|Institucionalización del enfoque de equidad de género en las políticas económicas y sociales: la experiencia de Cuba / Nieves Alemany Aguilera 89|Los medios de comunicación de masas, el cambio cultural y el conocimiento. Cómo estar en los medios sin perdernos / Sara Lovera 93|Estrategias para la producción de cambios culturales de equidad de género a través de los medios de comunicación / Concepción Dancausa 101|Oficinas gubernamentales de la mujer y movimiento de mujeres; experiencias de articulación y relacionamiento con miras al impulso de políticas públicas de equidad de género / Sandra Samaniego 107|Los procesos nacionales en torno a Beijing: la coordinadora. Relacionamiento Estado-movimiento de mujeres, de avances, obstáculo y estrategias / Lusitania Martínez 117|Relaciones de la Dirección General de Promoción de la Mujer con el movimiento de mujeres en nuestro país / Sergia Galván 123 |
| 590 ## - NOTA LOCAL (RLIN) |
| Nota local |
Inventariado, 2024/DG |
| 650 #4 - PUNTO DE ACCESO ADICIONAL DE MATERIA--TÉRMINO DE MATERIA |
| Término de materia o nombre geográfico como elemento de entrada |
Derechos de la mujer |
| Subdivisión general |
América Latina |
| 9 (RLIN) |
85254 |
| 650 #4 - PUNTO DE ACCESO ADICIONAL DE MATERIA--TÉRMINO DE MATERIA |
| Término de materia o nombre geográfico como elemento de entrada |
Mujeres |
| Subdivisión general |
Salud e higiene |
| Subdivisión geográfica |
América Latina |
| 9 (RLIN) |
85255 |
| 910 ## - DATOS DE OPCIÓN DEL USUARIO (OCLC) |
| Datos de opción del usuario |
DG |
| 942 ## - ELEMENTOS DE PUNTO DE ACCESO ADICIONAL (KOHA) |
| Fuente del sistema de clasificación o colocación |
Dewey Decimal Classification |
| Tipo de ítem Koha |
Libro |